| 000 | 00791nam a2200253 i 4500 | ||
|---|---|---|---|
| 001 | bg | ||
| 003 | BPK | ||
| 005 | 20221117105742.0 | ||
| 008 | 950505s1993 pl f |000 0 pol | ||
| 020 | _a8301106271 | ||
| 040 | _cBPK | ||
| 041 | _apol | ||
| 080 | _a005 | ||
| 080 | _a004 | ||
| 100 | 1 |
_aKisielnicki, Jerzy _d(1939- ) _eAutor |
|
| 245 | 1 | 0 |
_aInformatyczna infrastruktura zarządzania / _cJerzy Kisielnicki. |
| 260 |
_aWarszawa : _bWydawnictwo Naukowe PWN, _c1993. |
||
| 300 |
_a330, [2] s. : _brys. ; _c20 cm. |
||
| 500 | _aNa s. 4 okł. błędny ISBN. | ||
| 504 | _aBibliogr. s. 329-[331]. | ||
| 650 | 4 | _aSystemy informatyczne zarządzania | |
| 942 |
_cKS _2UKD |
||
| 856 |
_uhttp://koha.tu.koszalin.pl/cgi-bin/koha/opac-detail.pl?biblionumber=5624 _yKatalog online BPK |
||
| 999 |
_c5624 _d5624 |
||